000 00653nam a22001937a 4500
003 OSt
005 20250710012602.0
008 250710b |||||||| |||| 00| 0 eng d
020 _a9789719594017
040 _aDWCL - Main lib
_cOC
082 _aFil. 343.05 B216b 2015
100 _aBanggawan, Rex B.
245 _aBusiness and transfer taxation :
_blaws, principles, and applications with tax remedies/
_cRex B. Banggawan
250 _a2017 edition.
260 _aPasay City :
_bReal Excellence Publishing,
_cc2015.
300 _a646 pages ;
_c23 cm.
650 _a1. Inheritance and transfer tax.
942 _2ddc
_cBK - FIL
_e2017 edition.
_kFil.
_n0
999 _c3550
_d3550